| 000 | 00523nam a2200205Ia 4500 | ||
|---|---|---|---|
| 005 | 20260429111912.0 | ||
| 008 | 260429s9999||||xx |||||||||||||| ||und|| | ||
| 020 | _a9789360844035 | ||
| 041 | _aEnglish | ||
| 082 |
_a631.37 _bSEE |
||
| 100 | _aSeena, V. | ||
| 245 | 0 |
_aFarm power and machinery / _cV. Seena |
|
| 260 |
_aNew Delhi : _bWordpen Academics, _c2026. |
||
| 300 | _axi, 287 p.; hb | ||
| 650 | _a Farming | ||
| 650 | _a Power machinery | ||
| 650 | _aAgriculture | ||
| 700 | _a Vijayan, Anuja | ||
| 942 | _cTB | ||
| 999 |
_c51344 _d51344 |
||